000 00879 a2200205 4500
999 _c8366
_d8366
003 GBCCL
005 20241126110649.0
008 200213b ||||| |||| 00| 0 eng d
020 _a9789351252009
020 _a9351252000
040 _cGBC
082 _a303.66095
_a303.6609541
_bPEA
245 _aPeace process in North-East India/
_ceditors, Shukhdeba Sharma Hanjabam, Aheibam Koireng Singh.
260 _aNew Delhi :
_bPublished for Department of Social Work, Indira Gandhi National Tribal University, Regional Campus, Manipur & Conflict and Human Rights Studies Network, Manipur by Concept Publishing Company Pvt. Ltd.,
_c2016.
300 _axxii, 274 pages ; 23 cm
650 _aPeace-building -- India, Northeastern.
_910272
650 _aInsurgency -- India, Northeastern.
_914610
650 _aEthnic conflict -- India, Northeastern.
_914606
942 _2ddc
_cBK
_07